Capitales de los Estados de México - Estadísticas

Estadísticas generales
  • Esta prueba ha sido intentada 134 veces
  • La puntuación promedio es 22 de 31
Estadísticas de respuestas
Estado Capital % Correcto
Aguascalientes Aguascalientes
92%
Nuevo León Monterrey
88%
Chihuahua Chihuahua
87%
Baja California Sur La Paz
87%
Jalisco Guadalajara
85%
Oaxaca Oaxaca de Juárez
83%
Guanajuato Guanajuato
79%
Colima Colima
77%
Yucatán Mérida
77%
Baja California Mexicali
77%
Zacatecas Zacatecas
76%
Tlaxcala Tlaxcala de Xicohténcatl
75%
Coahuila de Zaragoza Saltillo
73%
San Luis Potosí San Luis Potosí
73%
Nayarit Tepic
72%
Chiapas Tuxtla Gutiérrez
71%
Michoacán de Ocampo Morelia
69%
Tabasco Villahermosa
68%
México Toluca de Lerdo
67%
Sonora Hermosillo
65%
Durango Victoria de Durango
65%
Tamaulipas Ciudad Victoria
64%
Guerrero Chilpancingo de los Bravo
61%
Hidalgo Pachuca de Soto
61%
Morelos Cuernavaca
60%
Sinaloa Culiacán Rosales
60%
Veracruz de Ignacio de la Llave Xalapa-Enríquez
57%
Quintana Roo Chetumal
52%
Puebla Heroica Puebla de Zaragoza
47%
Campeche San Francisco de Campeche
45%
Querétaro Santiago de Querétaro
45%
No se encontraron pruebas coincidentes
Distribución de puntuación
Porcentaje de gente con cada puntuación
Porcentaje por número respondido
Historial de tus puntuaciones
No has intentado esta prueba.